| 000 | 01164nas a2200337 4500 | ||
|---|---|---|---|
| 001 | BR2021000263 | ||
| 003 | BR-BrBNA | ||
| 005 | 20231205132137.0 | ||
| 007 | ta | ||
| 008 | 230509b bl.|||p| |||| 00| 00por d | ||
| 040 |
_aBR-BrBNA _bpor _cBiblioteca Nacional de Agricultura |
||
| 041 | _a(Pt) | ||
| 072 | _aK10; U40 | ||
| 100 | 1 | _aMarsaro, C.B. | |
| 100 | 1 | _aNakajima, N.Y. | |
| 100 | 1 | _aMachado, S. do A. | |
| 100 | 1 | _aMelo, L.O. | |
| 100 | 1 | _aRuschel, A.R. | |
| 100 | 1 | _aCastro, L.C. de | |
| 100 | 1 | _aDomingues, L. | |
| 100 | 1 | _aSilva, S.A. da | |
| 245 | 1 | _aEficiência relativa de duas configurações de parcelas de área fixa para inventário do potencial madeireiro na Amazônia Oriental | |
| 650 | _aAMOSTRAGEM | ||
| 650 | _aFLORESTA TROPICAL | ||
| 650 | _aINVENTÁRIO FLORESTAL | ||
| 773 | 0 |
_tNativa. Pesquisas Agrárias e Ambientais (Brazil) _xISSN 2318-7670 _g(Dec 2017), v. 5(special number) p. 574-580 _wBR2021000263 |
|
| 856 | 4 | 0 | _uhttps://periodicoscientificos.ufmt.br/ojs/index.php/nativa/article/view/5230/4723 |
| 856 | 4 | 0 | _dLink DSPACE/MAPA BR2021000263 |
| 909 |
_a202311 _bLúcia _c55 _dLúcia Elande |
||
| 942 |
_2AGRIS _n0 _cANA |
||
| 999 |
_c258716 _d258716 |
||